[Event "CRO-ch U15"]
[Site "Trogir"]
[Date "2024.06.27"]
[Round "7"]
[White "Dimac, Petar"]
[Black "Stojkovic, Andrej"]
[Result "1/2-1/2"]
[WhiteElo "1752"]
[BlackElo "1934"]
[PlyCount "120"]
[EventDate "2024.06.23"]
[EventType "swiss"]
[EventRounds "9"]
[EventCountry "CRO"]
[SourceTitle "EXT 2025"]
[Source "ChessBase"]
[SourceDate "2024.10.14"]
[SourceVersion "1"]
[SourceVersionDate "2024.10.14"]
[SourceQuality "1"]

1. e4 c5 2. c3 d5 3. exd5 Qxd5 4. d4 cxd4 5. cxd4 Nc6 6. Nf3 e5 7. Nc3 Bb4 8. Bd2 Bxc3 9. Bxc3 e4 10. Ne5 Nxe5 11. dxe5 Be6 12. Be2 Ne7 13. 0-0 0-0 14. Qc2 Qc6 15. Rac1 Rac8 16. Rfd1 Nd5 17. Qd2 b6 18. Bb4 Qxc1 19. Rxc1 Rxc1+ 20. Qxc1 Nxb4 21. a3 Nd3 22. Qe3 Rc8 23. Qxe4 Rc1+ 24. Bf1 Nxb2 25. Qd4 Rd1 26. Qxb2 Bc4 27. h3 Rxf1+ 28. Kh2 b5 29. Qd4 h6 30. Qxa7 Re1 31. a4 bxa4 32. Qxa4 Be6 33. Qb4 Re2 34. Qd4 Ra2 35. Qe4 Rxf2 36. Kg1 Ra2 37. h4 Ra1+ 38. Kf2 Ra2+ 39. Ke1 h5 40. g3 g6 41. Qf4 Rc2 42. Kd1 Rc4 43. Qe3 Rg4 44. Kc2 Rc4+ 45. Kb2 Rb4+ 46. Kc2 Rc4+ 47. Kb2 Bf5 48. Kb3 Re4 49. Qc3 Be6+ 50. Kb2 Re2+ 51. Ka3 Ra2+ 52. Kb4 Ra8 53. Qe3 Rb8+ 54. Kc5 Rd8 55. Kc6 Rd5 56. Qe1 Rd3 57. Kc5 Kf8 58. Kc6 Kg7 59. Kc5 Bf5 60. Kc6 Rd4 1/2-1/2

[Event "CRO-ch U11"]
[Site "Trogir"]
[Date "2023.06.25"]
[Round "8"]
[White "Milicevic, Fran"]
[Black "Stojkovic, Andrej"]
[Result "0-1"]
[WhiteElo "1072"]
[BlackElo "1613"]
[PlyCount "138"]
[EventDate "2023.06.21"]
[EventType "swiss"]
[EventRounds "9"]
[EventCountry "CRO"]
[SourceTitle "EXT 2024"]
[Source "ChessBase"]
[SourceDate "2023.10.10"]
[SourceVersion "1"]
[SourceVersionDate "2023.10.10"]
[SourceQuality "1"]

1. d4 f5 2. Nc3 Nf6 3. Bg5 Ne4 4. Nxe4 fxe4 5. e3 d5 6. c4 c6 7. Ne2 dxc4 8. Nc3 Qa5 9. Bf4 b5 10. Qd2 Bf5 11. g3 Na6 12. Bg2 Nb4 13. 0-0 Nd3 14. Nxe4 Qxd2 15. Nxd2 Rc8 16. e4 Bg6 17. Rab1 e6 18. Be3 Bb4 19. Rfd1 0-0 20. a4 a6 21. axb5 axb5 22. Bf1 Bxd2 23. Rxd2 Bxe4 24. Bxd3 Bxd3 25. Re1 Ra8 26. Bf4 Ra2 27. Rxe6 Ra1+ 28. Kg2 Bf1+ 29. Kf3 g5 30. Rxc6 gxf4 31. gxf4 Bd3 32. Rc5 b4 33. Rg5+ Kh8 34. Rc5 Ra2 35. Rb5 Ra4 36. b3 cxb3 37. Rxd3 b2 38. Rd1 Ra1 39. Rb1 Rxb1 40. Rxb4 Rd1 41. Rxb2 Rxd4 42. Ke3 Rdxf4 43. Ra2 Rf3+ 44. Ke4 Rxf2 45. Ra7 Rxh2 46. Rb7 h5 47. Rb6 h4 48. Ke3 Kg7 49. Ra6 h3 50. Ra4 Rg2 51. Ra7+ Rf7 52. Ra4 h2 53. Rh4 Rf1 54. Rh3 h1Q 55. Rxh1 Rxh1 56. Kf3 Rh3+ 57. Kxg2 Ra3 58. Kf2 Kf6 59. Ke2 Ke5 60. Kd2 Ke4 61. Kc2 Kd4 62. Kb2 Rc3 63. Kb1 Kd3 64. Kb2 Rc8 65. Kb1 Rc2 66. Ka1 Kc3 67. Kb1 Rh2 68. Ka1 Kb3 69. Kb1 Rh1# 0-1

[Event "CRO-ch U11"]
[Site "Trogir"]
[Date "2023.06.23"]
[Round "4"]
[White "Mocic, Ivano"]
[Black "Stojkovic, Andrej"]
[Result "1/2-1/2"]
[WhiteElo "1935"]
[BlackElo "1613"]
[PlyCount "52"]
[EventDate "2023.06.21"]
[EventType "swiss"]
[EventRounds "9"]
[EventCountry "CRO"]
[SourceTitle "EXT 2024"]
[Source "ChessBase"]
[SourceDate "2023.10.10"]
[SourceVersion "1"]
[SourceVersionDate "2023.10.10"]
[SourceQuality "1"]

1. Nf3 f5 2. d3 Nf6 3. e4 fxe4 4. dxe4 Nxe4 5. Bd3 d5 6. 0-0 Nc6 7. c4 Bg4 8. h3 Bxf3 9. Qxf3 Nf6 10. Nc3 Ne5 11. Qe2 Nxd3 12. Qxd3 Qd7 13. cxd5 0-0-0 14. Bf4 e6 15. Rac1 Kb8 16. Rfd1 Bd6 17. dxe6 Qxe6 18. Nb5 Qe4 19. Bxd6 cxd6 20. Qxe4 Nxe4 21. f3 Ng3 22. Kf2 Nf5 23. g4 a6 24. Nc3 Nh6 25. Rd2 Rd7 26. Rcd1 Rhd8 1/2-1/2